| 000 | 00492nam a2200193Ia 4500 | ||
|---|---|---|---|
| 005 | 20240823013057.0 | ||
| 008 | 240823s9999||||xx |||||||||||||| ||und|| | ||
| 020 | _a0-89377-667-1 | ||
| 041 | _aENGLISH | ||
| 082 | _A158.7 P2 | ||
| 100 | _a"McKenna,Eugene" | ||
| 245 | 0 | _aBusiness Psychology and Organisational Behaviour | |
| 250 | _a3rd | ||
| 260 |
_c2002 _b"Vikas Pub.,New " _aNew Delhi |
||
| 500 | _aYES | ||
| 650 |
_aPsycology _bManagement Studies |
||
| 942 | _cBK | ||
| 999 |
_c166219 _d166219 |
||